Siedmy ročník Sobotských dní starej hudby

Bibliographic Details
Main Author: Endrődi, Ján (Author)
Format: Article
Language:Slovak
ISSN:1210-2423
Subjects:

MARC

LEADER 00000nab a2200000 ar4500
001 vtls010130713
003 SK-MaSNL
005 20260303210343.0
008 100910c2010 xo wr|p|||||||000 b|slo
038 |a PPPK 
040 |a PPPKCL  |b slo  |c PPPKCL  |e AACR2 
041 0 |a slo 
044 |a xo  |c SK 
080 |a 78.079  |x (437.671.116.125)  |2 2001 
080 |a 78.082.4  |x (437.671.116.125)  |2 2001 
080 |a 785  |2 2001 
100 1 |a Endrődi, Ján  |4 aut  |9 93687 
245 1 0 |a Siedmy ročník Sobotských dní starej hudby  |c Ján Endrődi 
610 2 7 |a Kostol sv. Juraja (Poprad-Spišská Sobota, Slovensko)  |2 pppkcl  |9 55031 
611 2 7 |a Sobotské dni starej hudby  |n (7. :  |d 2010 :  |c Poprad-Spišská Sobota, Slovensko)  |2 pppkcl  |9 1241878 
648 7 |a 1.8.-29.8.2010  |2 pppkcl  |9 1241962 
650 0 7 |a hudobné festivaly  |2 pppkcl  |9 2958 
650 0 7 |a koncerty  |2 pppkcl  |9 19182 
650 0 7 |a klasická hudba  |2 pppkcl  |9 86750 
651 7 |a Spišská Sobota (Poprad, Slovensko)  |2 pppkcl  |9 54498 
773 0 |t Podtatranské noviny  |g Roč. LI, č. 31 (2010), s. 6  |x 1210-2423 
852 |a PPPK  |b KIS3GCP 
999 |c 2199890  |d 2201820